000 01151cam a2200289 4500
001 4600556
003 NUST - PNEC
005 20170116181123.0
008 710407r19711968nyuab b 001 0 eng
010 _a 76135522
040 _aDLC
_cLIBRARY
_dDLC
050 0 0 _aTL553
_b.F86 1971
082 0 0 _a629.13 ALL
245 0 4 _aThe Future of aeronautics.
_cEdited by John E. Allen & Joan Bruce. Foreword by Prince Philip.
260 _aNew York,
_bSt. Martin's Press
_c[1971, c1970]
300 _axiv, 552 p.
_billus., maps.
_c24 cm.
350 _a$15.00
500 _aTwenty-two contributions, prepared at the invitation of the Royal Aeronautical Society as it began its 2d century of activity; the contributions were originally published in the society's Aeronautical journal from Jan. 1968 to Aug. 1969.
504 _aIncludes bibliographical references.
650 0 _aAeronautics.
_xME
700 1 _aAllen, John Elliston,
_d1921-
_eed.
700 1 _aBruce, Joan,
_eed.
710 2 _aRoyal Aeronautical Society.
710 2 _aRoyal Aeronautical Society.
_tJournal.
906 _a7
_bcbc
_corignew
_d2
_encip
_f19
_gy-gencatlg
942 _2ddc
_cBK
999 _c69632
_d69632